[Event "BLR-ch U20 Girls"]
[Site "Minsk"]
[Date "2008.04.22"]
[Round "9"]
[White "Homiakova, Ekaterina"]
[Black "Khudaya, Aliaksandra"]
[Result "1/2-1/2"]
[WhiteElo "2112"]
[BlackElo "2076"]
[PlyCount "146"]
[EventDate "2008.04.14"]
[EventType "tourn"]
[EventRounds "9"]
[EventCountry "BLR"]
[SourceTitle "EXT 2011"]
[Source "ChessBase"]
[SourceDate "2010.11.26"]
[SourceVersion "1"]
[SourceVersionDate "2010.11.26"]
[SourceQuality "1"]

1. e4 c5 2. Nf3 Nc6 3. d4 cxd4 4. Nxd4 e5 5. Nb5 d6 6. N1c3 a6 7. Na3 Be7 8. Nc4 b5 9. Ne3 Nf6 10. Ned5 Nxd5 11. Nxd5 0-0 12. a4 b4 13. Bc4 Bg5 14. 0-0 Bxc1 15. Qxc1 Be6 16. Qd2 Nd4 17. c3 bxc3 18. bxc3 Rc8 19. Qd3 Bxd5 20. exd5 Qc7 21. Bxa6 Qxc3 22. Qxc3 Rxc3 23. Bb7 Rc7 24. Rab1 Ne2+ 25. Kh1 Nc3 26. a5 Nxb1 27. Rxb1 Rc5 28. a6 Ra5 29. g3 g6 30. Rb6 Rd8 31. Kg2 Kf8 32. Kf3 Ra3+ 33. Ke2 Ke7 34. Kd2 Rb8 35. Rc6 Kd7 36. Rc2 Rxb7 37. axb7 Rb3 38. Ra2 Rxb7 39. Ra5 Ke7 40. Kd3 Rc7 41. f4 exf4 42. gxf4 Rc5 43. Ra7+ Kf6 44. Kd4 Rb5 45. Rd7 Rb6 46. Ke4 h6 47. h4 h5 48. Kd4 Rb4+ 49. Ke3 Rb6 50. Ke4 Ra6 51. Kd4 Kg7 52. Rd8 f5 53. Rd7+ Kf6 54. Ke3 Ra3+ 55. Kf2 Rh3 56. Rxd6+ Ke7 57. Rxg6 Rxh4 58. Kf3 Rg4 59. Rh6 h4 60. Rh5 Rg3+ 61. Kf2 Rd3 62. Rxf5 Kd6 63. Rh5 h3 64. Kg1 Rxd5 65. Rxh3 Rf5 66. Rh4 Kd5 67. Kf2 Ke4 68. Kg3 Rf8 69. Rg4 Kf5 70. Rg5+ Kf6 71. Kg4 Ra8 72. Rf5+ Kg6 73. Rb5 Ra6 1/2-1/2

[Event "BLR-ch (Women) 52nd"]
[Site "Minsk"]
[Date "2008.03.17"]
[Round "8"]
[White "Khudaya, Aliaksandra"]
[Black "Revo, Tatiana"]
[Result "0-1"]
[WhiteElo "2083"]
[BlackElo "1946"]
[PlyCount "74"]
[EventDate "2008.03.10"]
[EventType "swiss"]
[EventRounds "11"]
[EventCountry "BLR"]
[SourceTitle "CBM 123 Extra"]
[Source "ChessBase"]
[SourceDate "2008.05.06"]
[SourceVersion "1"]
[SourceVersionDate "2008.05.06"]
[SourceQuality "1"]

1. d4 Nf6 2. c4 g6 3. Nc3 Bg7 4. e4 d6 5. f3 0-0 6. Be3 e5 7. d5 c6 8. Qd2 cxd5 9. cxd5 a6 10. 0-0-0 Nbd7 11. Kb1 b5 12. Rc1 Nc5 13. g4 Ne8 14. h4 f5 15. gxf5 gxf5 16. h5 f4 17. Bxc5 dxc5 18. h6 Bf6 19. Bh3 Nd6 20. Bxc8 Rxc8 21. Nh3 c4 22. Ne2 Rb8 23. Nf2 b4 24. Ka1 c3 25. Qd3 Qa5 26. b3 Qa3 27. Rc2 a5 28. Ng4 a4 29. Qa6 Ra8 30. Nxf6+ Kh8 31. Qxd6 axb3 32. Nxc3 bxc2 33. Qc5 c1Q+ 34. Rxc1 Qxc1+ 35. Nb1 Rxa2+ 36. Kxa2 b3+ 37. Kxb3 Qxb1+ 0-1

[Event "BLR-ch (Women) 52nd"]
[Site "Minsk"]
[Date "2008.03.16"]
[Round "7"]
[White "Stetsko, Lanita"]
[Black "Khudaya, Aliaksandra"]
[Result "1-0"]
[WhiteElo "1990"]
[BlackElo "2083"]
[PlyCount "93"]
[EventDate "2008.03.10"]
[EventType "swiss"]
[EventRounds "11"]
[EventCountry "BLR"]
[SourceTitle "CBM 123 Extra"]
[Source "ChessBase"]
[SourceDate "2008.05.06"]
[SourceVersion "1"]
[SourceVersionDate "2008.05.06"]
[SourceQuality "1"]

1. e4 e6 2. d4 d5 3. e5 c5 4. c3 Qb6 5. Nf3 Nc6 6. a3 c4 7. Nbd2 Nh6 8. b3 cxb3 9. Nxb3 Nf5 10. c4 dxc4 11. Bxc4 Bd7 12. 0-0 Be7 13. g4 Nh4 14. Nxh4 Bxh4 15. g5 Rc8 16. Be3 Qc7 17. Qg4 Nxe5 18. dxe5 Qxc4 19. Nd4 Bxf2+ 20. Kxf2 Qa4 21. Qf3 0-0 22. Rfc1 Bc6 23. Nxc6 bxc6 24. Qf4 Qa5 25. Rc5 Qa6 26. Qe4 Qb7 27. Bd4 Rfd8 28. Rac1 Qe7 29. Be3 Rb8 30. Qc4 h6 31. Rxc6 hxg5 32. Rc7 Qe8 33. Bxg5 Rd5 34. Rc8 Rxc8 35. Qxc8 Qxc8 36. Rxc8+ Kh7 37. Rc7 Rxe5 38. Be3 Ra5 39. Rxa7 Rf5+ 40. Kg3 e5 41. Re7 Kg6 42. a4 f6 43. Kg2 Rh5 44. a5 e4 45. a6 Ra5 46. a7 Ra2+ 47. Kg3 1-0

[Event "BLR-ch (Women) 52nd"]
[Site "Minsk"]
[Date "2008.03.15"]
[Round "6"]
[White "Khudaya, Aliaksandra"]
[Black "Leonovich, Evgenia"]
[Result "1/2-1/2"]
[WhiteElo "2083"]
[BlackElo "2016"]
[PlyCount "79"]
[EventDate "2008.03.10"]
[EventType "swiss"]
[EventRounds "11"]
[EventCountry "BLR"]
[SourceTitle "CBM 123 Extra"]
[Source "ChessBase"]
[SourceDate "2008.05.06"]
[SourceVersion "1"]
[SourceVersionDate "2008.05.06"]
[SourceQuality "1"]

1. d4 Nf6 2. c4 g6 3. Nc3 d5 4. cxd5 Nxd5 5. e4 Nxc3 6. bxc3 Bg7 7. Bc4 Nc6 8. Ne2 0-0 9. Be3 Na5 10. Bd3 c5 11. 0-0 c4 12. Bc2 e5 13. d5 Qd6 14. Rb1 b6 15. h3 f5 16. f4 fxe4 17. fxe5 Rxf1+ 18. Qxf1 Qxe5 19. Bf4 Qxd5 20. Rd1 Qc5+ 21. Kh1 Bb7 22. Nd4 Bd5 23. Qe2 Re8 24. Be3 Qe7 25. Ba4 Rd8 26. Qg4 Kh8 27. Bg5 Bf6 28. Bxf6+ Qxf6 29. Ne6 Bxe6 30. Rxd8+ Qxd8 31. Qxe6 Kg7 32. Qxe4 Qf6 33. Qe3 Nb7 34. Bd7 Nd6 35. Kg1 Nf7 36. Be6 Ne5 37. Bd5 Qd6 38. Qe4 b5 39. Kh1 a6 40. Qd4 1/2-1/2

[Event "EU-Cup (Women) 12th"]
[Site "Kemer"]
[Date "2007.10.09"]
[Round "7.2"]
[White "Khudaya, Aliaksandra"]
[Black "Boric, Elena"]
[Result "0-1"]
[WhiteElo "2088"]
[BlackElo "2279"]
[PlyCount "74"]
[EventDate "2007.10.03"]
[EventType "team-swiss"]
[EventRounds "7"]
[EventCountry "TUR"]
[SourceTitle "EXT 2013"]
[Source "ChessBase"]
[SourceDate "2012.11.22"]
[SourceVersion "1"]
[SourceVersionDate "2012.11.22"]
[SourceQuality "1"]
[WhiteTeam "Minsk BGU (W)"]
[BlackTeam "Bihac (W)"]
[WhiteTeamCountry "BLR"]
[BlackTeamCountry "BIH"]

1. d4 f5 2. g3 Nf6 3. Bg2 g6 4. Nh3 Bg7 5. Nf4 c6 6. h4 d6 7. h5 e5 8. h6 Bf8 9. dxe5 dxe5 10. Qxd8+ Kxd8 11. Nd3 Nbd7 12. Bg5 Be7 13. Nc3 Ng4 14. Bxe7+ Kxe7 15. e4 Re8 16. 0-0-0 Kf7 17. Rde1 a5 18. Bh3 Nxh6 19. Bxf5 Kg7 20. Bh3 Nf6 21. f4 Nf7 22. Nf2 Nh5 23. f5 Nxg3 24. Rhg1 Nh5 25. fxg6 hxg6 26. Bf5 Nf4 27. Re3 Kf6 28. Ng4+ Ke7 29. Bxc8 Raxc8 30. Rf3 Ke6 31. Rgf1 g5 32. Ne3 b5 33. Nf5 Rh8 34. R3f2 Nd6 35. Nxd6 Kxd6 36. Ne2 Rh3 37. Ng1 Re3 0-1

[Event "EU-Cup (Women) 12th"]
[Site "Kemer"]
[Date "2007.10.06"]
[Round "4.2"]
[White "Melamed, Tatiana"]
[Black "Khudaya, Aliaksandra"]
[Result "0-1"]
[WhiteElo "2363"]
[BlackElo "2088"]
[PlyCount "84"]
[EventDate "2007.10.03"]
[EventType "team-swiss"]
[EventRounds "7"]
[EventCountry "TUR"]
[SourceTitle "EXT 2013"]
[Source "ChessBase"]
[SourceDate "2012.11.22"]
[SourceVersion "1"]
[SourceVersionDate "2012.11.22"]
[SourceQuality "1"]
[WhiteTeam "Halle USV (W)"]
[BlackTeam "Minsk BGU (W)"]
[WhiteTeamCountry "GER"]
[BlackTeamCountry "BLR"]

1. e4 c5 2. Nf3 Nc6 3. Bb5 g6 4. Bxc6 dxc6 5. d3 Bg7 6. h3 b6 7. Nc3 e5 8. Be3 Ne7 9. Qd2 h6 10. Ne2 Qd6 11. c3 Ba6 12. 0-0-0 0-0-0 13. c4 f5 14. Qc3 Rhg8 15. Qa3 Kb7 16. Kc2 g5 17. Nc3 f4 18. Bc1 Bf8 19. Na4 g4 20. hxg4 Rxg4 21. Rdg1 Bg7 22. Qc3 Ka8 23. b3 b5 24. Nb2 Qc7 25. Qe1 Nc8 26. Qe2 Rg6 27. Bd2 Nd6 28. Bc3 Qe7 29. Rh5 Nf7 30. Nh4 Rg5 31. Nf5 Qf6 32. Rh2 b4 33. Bd2 Rxf5 34. exf5 e4 35. d4 Qxf5 36. Rh5 Ng5 37. g4 fxg3 38. Bxg5 hxg5 39. fxg3 cxd4 40. Qf1 d3+ 41. Kb1 Qe5 42. Qg2 d2 0-1

[Event "EU-Cup (Women) 12th"]
[Site "Kemer"]
[Date "2007.10.04"]
[Round "2.2"]
[White "Yildiz Kadioglu, Betul Cemre"]
[Black "Khudaya, Aliaksandra"]
[Result "1-0"]
[WhiteElo "2220"]
[BlackElo "2088"]
[PlyCount "69"]
[EventDate "2007.10.03"]
[EventType "team-swiss"]
[EventRounds "7"]
[EventCountry "TUR"]
[SourceTitle "EXT 2013"]
[Source "ChessBase"]
[SourceDate "2012.11.22"]
[SourceVersion "1"]
[SourceVersionDate "2012.11.22"]
[SourceQuality "1"]
[WhiteTeam "Turk Hava Yollari (W)"]
[BlackTeam "Minsk BGU (W)"]
[WhiteTeamCountry "TUR"]
[BlackTeamCountry "BLR"]

1. e4 c5 2. Nf3 Nc6 3. Bb5 g6 4. Bxc6 dxc6 5. d3 Bg7 6. h3 Nf6 7. Nc3 0-0 8. Be3 b6 9. Qd2 Ne8 10. Bh6 Qc7 11. 0-0-0 e5 12. Nh2 f6 13. Ne2 Be6 14. Bxg7 Qxg7 15. f4 Nd6 16. fxe5 fxe5 17. Nf3 Nb5 18. Qg5 Rae8 19. Rdf1 Bd7 20. h4 h6 21. Qg3 h5 22. Rf2 Bg4 23. Rhf1 a5 24. Neg1 c4 25. dxc4 Nd6 26. Nd2 Rxf2 27. Rxf2 Rd8 28. Ngf3 Re8 29. Ng5 Be6 30. Qc3 b5 31. cxb5 cxb5 32. Qc5 Qe7 33. Qxe5 Qd7 34. Rf6 Nc4 35. Rxg6+ 1-0

[Event "BLR-ch (Women)"]
[Site "Minsk"]
[Date "2007.03.10"]
[Round "10"]
[White "Lvova, Yulia"]
[Black "Khudaya, Aliaksandra"]
[Result "0-1"]
[WhiteElo "1978"]
[BlackElo "2054"]
[PlyCount "86"]
[EventDate "2007.03.01"]
[EventType "tourn"]
[EventRounds "11"]
[EventCountry "BLR"]
[SourceTitle "EXT 2010"]
[Source "ChessBase"]
[SourceDate "2010.11.25"]
[SourceVersion "1"]
[SourceVersionDate "2010.11.25"]
[SourceQuality "1"]

1. d4 Nf6 2. c4 g6 3. Nc3 d5 4. e3 Bg7 5. Nf3 0-0 6. Bd3 dxc4 7. Bxc4 c5 8. h3 cxd4 9. exd4 a6 10. a4 Nc6 11. 0-0 Bf5 12. Be3 Rc8 13. Bb3 Nb4 14. Ne5 Nfd5 15. Nxd5 Nxd5 16. Qf3 Be6 17. Rfd1 Qd6 18. Nc4 Rxc4 19. Bxc4 Nxe3 20. fxe3 Bxc4 21. Rdc1 Bd5 22. Qe2 Bc6 23. Rc5 Qe6 24. Qf2 Qe4 25. b4 b6 26. Rc3 Bd5 27. b5 axb5 28. axb5 e5 29. Rd1 exd4 30. exd4 h5 31. Rc2 Re8 32. Rb2 Bh6 33. Kh1 Qe6 34. Qg3 Qe4 35. Qf2 Be3 36. Qe1 Qf5 37. Qg3 Bf4 38. Qh4 Re3 39. Kg1 g5 40. Qxh5 Qe4 41. Rf1 Rg3 42. Qe2 Qxd4+ 43. Rf2 Be3 0-1

[Event "BLR-ch (Women)"]
[Site "Minsk"]
[Date "2007.03.07"]
[Round "7"]
[White "Khudaya, Aliaksandra"]
[Black "Kovaleva, Ekaterina"]
[Result "1-0"]
[WhiteElo "2054"]
[BlackElo "2077"]
[PlyCount "117"]
[EventDate "2007.03.01"]
[EventType "tourn"]
[EventRounds "11"]
[EventCountry "BLR"]
[SourceTitle "EXT 2010"]
[Source "ChessBase"]
[SourceDate "2010.11.25"]
[SourceVersion "1"]
[SourceVersionDate "2010.11.25"]
[SourceQuality "1"]

1. d4 Nf6 2. c4 g6 3. Nc3 Bg7 4. e4 d6 5. f3 0-0 6. Be3 Nc6 7. Nge2 a6 8. Qd2 Rb8 9. Rc1 Bd7 10. Nd1 b5 11. c5 e5 12. d5 Ne7 13. c6 Bc8 14. Nf2 Ne8 15. g3 f5 16. Bg2 Nf6 17. 0-0 Ra8 18. b4 Qe8 19. Nc3 Nh5 20. Nd3 Rf7 21. Ra1 f4 22. Bf2 fxg3 23. hxg3 Qf8 24. a4 bxa4 25. Rxa4 Bh6 26. Qe2 Rb8 27. Rb1 g5 28. g4 Nf4 29. Nxf4 gxf4 30. Qd3 Bg5 31. b5 axb5 32. Rxb5 Rxb5 33. Nxb5 h5 34. gxh5 Qh6 35. Nxc7 Qxh5 36. Ne6 Bh4 37. Ra8 Bxf2+ 38. Kxf2 Kh7 39. Ra7 Qh4+ 40. Kf1 Qg3 41. Rd7 Kh6 42. Rxd6 Ng6 43. c7 Bxe6 44. Rxe6 Rxc7 45. Rc6 Ra7 46. Qd1 Kh5 47. d6 Nh4 48. Rc2 Rd7 49. Qd5 Qg5 50. Bh3 Nxf3 51. Rg2 Qh4 52. Bg4+ Qxg4 53. Rxg4 Nh2+ 54. Ke1 Nxg4 55. Qe6 Ra7 56. d7 f3 57. Qf5+ Kh4 58. d8Q+ Kg3 59. Qdg5 1-0

[Event "BLR-ch (Women)"]
[Site "Minsk"]
[Date "2007.03.03"]
[Round "3"]
[White "Khudaya, Aliaksandra"]
[Black "Minina, Alena"]
[Result "0-1"]
[WhiteElo "2054"]
[BlackElo "2029"]
[PlyCount "106"]
[EventDate "2007.03.01"]
[EventType "tourn"]
[EventRounds "11"]
[EventCountry "BLR"]
[SourceTitle "EXT 2010"]
[Source "ChessBase"]
[SourceDate "2010.11.25"]
[SourceVersion "1"]
[SourceVersionDate "2010.11.25"]
[SourceQuality "1"]

1. d4 d5 2. c4 c6 3. Nc3 Nf6 4. Nf3 dxc4 5. a4 Bf5 6. Ne5 Na6 7. e4 Bxe4 8. Nxe4 Nxe4 9. Bxc4 e6 10. 0-0 Nc7 11. Qh5 Nd6 12. Re1 g6 13. Qf3 Bg7 14. Bf4 0-0 15. Bd3 Nd5 16. Bd2 Nf5 17. Bxf5 exf5 18. Rad1 Re8 19. g4 f6 20. Nc4 fxg4 21. Qxg4 Qc7 22. Qg3 Qxg3+ 23. hxg3 b6 24. a5 Bf8 25. Ne3 Nc7 26. Ng4 Kf7 27. Rc1 Rxe1+ 28. Bxe1 Re8 29. Kf1 Re6 30. Ne3 Bh6 31. axb6 axb6 32. Bd2 Bxe3 33. fxe3 f5 34. Kf2 h5 35. Ra1 Nd5 36. Ra7+ Re7 37. Ra8 Kg7 38. Rc8 Re6 39. Rd8 Kf7 40. Kf3 g5 41. Rh8 g4+ 42. Kf2 Nf6 43. Bb4 Re8 44. Rxe8 Kxe8 45. Kg2 Nd5 46. Bd2 Kf7 47. Kf2 Ke6 48. Ke2 Nf6 49. b3 Kd5 50. Kd3 Ne4 51. Be1 b5 52. b4 Ke6 53. Ke2 Kd6 0-1

[Event "BLR-ch (Women)"]
[Site "Minsk"]
[Date "2007.03.02"]
[Round "2"]
[White "Savurko, Alexandra"]
[Black "Khudaya, Aliaksandra"]
[Result "0-1"]
[WhiteElo "2081"]
[BlackElo "2054"]
[PlyCount "94"]
[EventDate "2007.03.01"]
[EventType "tourn"]
[EventRounds "11"]
[EventCountry "BLR"]
[SourceTitle "EXT 2010"]
[Source "ChessBase"]
[SourceDate "2010.11.25"]
[SourceVersion "1"]
[SourceVersionDate "2010.11.25"]
[SourceQuality "1"]

1. d4 d5 2. Nc3 Nf6 3. Bg5 h6 4. Bxf6 exf6 5. e3 c6 6. Bd3 Bd6 7. Qf3 Be6 8. Nge2 Qd7 9. h3 Na6 10. a3 Nc7 11. Ng3 Bxg3 12. Qxg3 0-0 13. 0-0 f5 14. Ne2 Ne8 15. Qe5 f6 16. Qg3 Bf7 17. Qf3 Nd6 18. Ng3 g6 19. h4 Ne4 20. Qf4 Kg7 21. h5 Rae8 22. hxg6 Bxg6 23. Rfe1 Rh8 24. f3 Nxg3 25. Qxg3 Kf7 26. Kf2 h5 27. Qf4 Rhg8 28. Rh1 Rh8 29. c4 Kg7 30. c5 Re7 31. Rh3 Qc7 32. Qxc7 Rxc7 33. Rh4 f4 34. Bxg6 fxe3+ 35. Kxe3 Kxg6 36. Rhh1 Re8+ 37. Kf2 Rce7 38. Rae1 Rxe1 39. Rxe1 Rxe1 40. Kxe1 Kg5 41. Kf2 Kh4 42. g3+ Kh3 43. b4 f5 44. a4 a6 45. a5 Kh2 46. f4 Kh3 47. Kf3 h4 0-1

[Event "BLR-ch (Women)"]
[Site "Minsk"]
[Date "2007.03.01"]
[Round "1"]
[White "Khudaya, Aliaksandra"]
[Black "Stetsko, Lanita"]
[Result "1-0"]
[WhiteElo "2054"]
[BlackElo "2014"]
[PlyCount "75"]
[EventDate "2007.03.01"]
[EventType "tourn"]
[EventRounds "11"]
[EventCountry "BLR"]
[SourceTitle "EXT 2010"]
[Source "ChessBase"]
[SourceDate "2010.11.25"]
[SourceVersion "1"]
[SourceVersionDate "2010.11.25"]
[SourceQuality "1"]

1. e4 d6 2. d4 Nf6 3. f3 g6 4. c4 Bg7 5. Nc3 0-0 6. Be3 e5 7. d5 Nh5 8. Qd2 Qh4+ 9. g3 Qe7 10. 0-0-0 f5 11. Bd3 f4 12. Bf2 fxg3 13. hxg3 Bf6 14. Kb1 Bg5 15. Qc2 Na6 16. Be2 Bd7 17. a3 Nf6 18. Be1 c6 19. Nh3 Be3 20. g4 Rac8 21. Bf2 Bxf2 22. Nxf2 Nc7 23. Qd2 cxd5 24. exd5 a6 25. Nfe4 Nce8 26. c5 dxc5 27. d6 Qf7 28. Ng5 Qb3 29. Bd3 Ng7 30. Qh2 h5 31. Bxg6 Be8 32. gxh5 Nfxh5 33. Bc2 Qc4 34. d7 Bxd7 35. Rxd7 Rfd8 36. Rxg7+ Kxg7 37. Qxe5+ Kf8 38. Ne6+ 1-0

[Event "EU-ch U18 Girls"]
[Site "Herceg Novi"]
[Date "2006.09.14"]
[Round "5"]
[White "Gunina, Valentina"]
[Black "Khudaya, Aliaksandra"]
[Result "1-0"]
[WhiteElo "2368"]
[BlackElo "2058"]
[PlyCount "95"]
[EventDate "2006.09.10"]
[EventType "swiss"]
[EventRounds "9"]
[EventCountry "MNE"]
[SourceTitle "CBM 114 Extra"]
[Source "ChessBase"]
[SourceDate "2006.11.03"]
[SourceVersion "1"]
[SourceVersionDate "2006.11.03"]
[SourceQuality "1"]

1. d4 Nf6 2. c4 c5 3. d5 b5 4. cxb5 a6 5. bxa6 Bxa6 6. Nc3 d6 7. g3 g6 8. Bg2 Bg7 9. Nh3 Nbd7 10. 0-0 0-0 11. Re1 Rb8 12. Qc2 Qa5 13. Bd2 Ng4 14. Rab1 Nge5 15. b3 Rfc8 16. Ne4 Qc7 17. f4 Ng4 18. Bf3 Ngf6 19. Nxf6+ Nxf6 20. Bc3 c4 21. b4 Qd7 22. Kg2 Bb5 23. e4 Ba4 24. Qd2 Rd8 25. Nf2 Ra8 26. a3 Ra6 27. h4 h5 28. f5 Bb5 29. fxg6 fxg6 30. Bb2 Rc8 31. Rbc1 Kh7 32. Nh3 Kg8 33. Ng5 Bh6 34. Qc3 Qe8 35. Re2 Bd7 36. e5 dxe5 37. Rxe5 Bg7 38. Qe3 c3 39. Rxc3 Rxc3 40. Bxc3 Rxa3 41. Rxe7 Qf8 42. d6 Ra2+ 43. Kg1 Ra3 44. Rxd7 Rxc3 45. Rxg7+ Kxg7 46. Qxc3 Qxd6 47. Ne4 Qb6+ 48. Kg2 1-0

[Event "EU-ch U18 Girls"]
[Site "Herceg Novi"]
[Date "2006.09.13"]
[Round "4"]
[White "Gjorgjieva, Ivana"]
[Black "Khudaya, Aliaksandra"]
[Result "0-1"]
[WhiteElo "1925"]
[BlackElo "2058"]
[PlyCount "86"]
[EventDate "2006.09.10"]
[EventType "swiss"]
[EventRounds "9"]
[EventCountry "MNE"]
[SourceTitle "CBM 114 Extra"]
[Source "ChessBase"]
[SourceDate "2006.11.03"]
[SourceVersion "1"]
[SourceVersionDate "2006.11.03"]
[SourceQuality "1"]

1. e4 c5 2. Ne2 Nc6 3. Nbc3 g6 4. g3 Bg7 5. Bg2 e6 6. 0-0 Nge7 7. f4 d6 8. d3 Rb8 9. Be3 Nd4 10. Qd2 0-0 11. Rae1 b5 12. Nd1 b4 13. Bf2 a5 14. c3 Nxe2+ 15. Qxe2 bxc3 16. bxc3 Bd7 17. e5 Bc6 18. Nb2 Bxg2 19. Kxg2 dxe5 20. fxe5 Qd5+ 21. Kg1 Nc6 22. Na4 Nxe5 23. Bxc5 Rfd8 24. Bd4 Nc6 25. Bxg7 Kxg7 26. d4 Rf8 27. Qg2 Qd6 28. Nc5 Ne7 29. Ne4 Qd5 30. Qh3 h6 31. Nf6 Qc6 32. g4 Rb5 33. Re5 Rxe5 34. dxe5 Qc5+ 35. Rf2 Rd8 36. Qf3 Qxe5 37. Ne8+ Kh8 38. Qxf7 Qe1+ 39. Kg2 Qe4+ 40. Qf3 Qxf3+ 41. Rxf3 Rxe8 42. Rf6 Nd5 43. Rxg6 Kh7 0-1

[Event "EU-ch U18 Girls"]
[Site "Herceg Novi"]
[Date "2006.09.12"]
[Round "3"]
[White "Khudaya, Aliaksandra"]
[Black "Yildiz Kadioglu, Betul Cemre"]
[Result "0-1"]
[WhiteElo "2058"]
[BlackElo "2212"]
[PlyCount "136"]
[EventDate "2006.09.10"]
[EventType "swiss"]
[EventRounds "9"]
[EventCountry "MNE"]
[SourceTitle "CBM 114 Extra"]
[Source "ChessBase"]
[SourceDate "2006.11.03"]
[SourceVersion "1"]
[SourceVersionDate "2006.11.03"]
[SourceQuality "1"]

1. d4 d5 2. c4 c6 3. Nf3 Nf6 4. Nc3 e6 5. cxd5 exd5 6. Bg5 Be7 7. Qc2 Nbd7 8. e3 0-0 9. Bd3 Re8 10. 0-0 Nf8 11. Bxf6 Bxf6 12. b4 Bg4 13. Nd2 Qd6 14. Rab1 Bd8 15. Rfc1 a6 16. Bf5 Bxf5 17. Qxf5 Bc7 18. g3 g6 19. Qd3 Kg7 20. Na4 h5 21. Nc5 Rab8 22. Kg2 Nh7 23. a4 Nf6 24. h4 Ng4 25. Nf1 Re7 26. Re1 Qf6 27. f3 Nh6 28. e4 dxe4 29. Nxe4 Qe6 30. Qc3 Qd5 31. Ne3 Qd7 32. Nc4 Qd5 33. Rbd1 Nf5 34. Ne3 Nxe3+ 35. Rxe3 Rbe8 36. Rde1 a5 37. R1e2 Bb6 38. Qd2 axb4 39. Qxb4 Bxd4 40. Nc3 Qc5 41. Qxc5 Bxc5 42. Rxe7 Rxe7 43. Rxe7 Bxe7 44. Kf2 Kf6 45. Ke3 Ke5 46. Kd3 Bb4 47. Ne2 Kd5 48. Nf4+ Kc5 49. g4 Be1 50. gxh5 gxh5 51. Nxh5 Bxh4 52. Ng7 Kb4 53. Nf5 Bf6 54. Nd6 b6 55. Nxf7 Kxa4 56. Nd6 b5 57. Ne4 Be5 58. Kc2 b4 59. Nc5+ Ka3 60. Nd3 b3+ 61. Kb1 Bd4 62. f4 c5 63. Ne5 Kb4 64. Nc6+ Kc3 65. f5 Bf6 66. Nb8 c4 67. Nd7 Bd4 68. f6 Kd2 0-1

[Event "EU-ch U18 Girls"]
[Site "Herceg Novi"]
[Date "2006.09.10"]
[Round "1"]
[White "Khudaya, Aliaksandra"]
[Black "Dolzhikova, Kateryna"]
[Result "1-0"]
[WhiteElo "2058"]
[BlackElo "2276"]
[PlyCount "103"]
[EventDate "2006.09.10"]
[EventType "swiss"]
[EventRounds "9"]
[EventCountry "MNE"]
[SourceTitle "CBM 114 Extra"]
[Source "ChessBase"]
[SourceDate "2006.11.03"]
[SourceVersion "1"]
[SourceVersionDate "2006.11.03"]
[SourceQuality "1"]

1. d4 Nf6 2. c4 c5 3. d5 b5 4. cxb5 a6 5. bxa6 g6 6. Nc3 Bxa6 7. g3 d6 8. Nh3 Bg7 9. Nf4 Nbd7 10. h4 0-0 11. Bh3 Nb6 12. Qc2 Bc4 13. Bg2 h6 14. 0-0 Ra7 15. Rd1 Qa8 16. b3 Ba6 17. Bb2 Bc8 18. a4 Bd7 19. a5 Nc8 20. Ne4 Bf5 21. Nxf6+ Bxf6 22. e4 Bg4 23. f3 Bxb2 24. Qxb2 Bd7 25. Qc3 Rb7 26. Bf1 Na7 27. Bc4 Nb5 28. Qd3 Nd4 29. Ne2 Nxe2+ 30. Qxe2 Rfb8 31. a6 Rb4 32. Ra5 Qa7 33. Rda1 Kg7 34. Kg2 R4b6 35. f4 Rb4 36. h5 Re8 37. hxg6 fxg6 38. Rh1 Rf8 39. Raa1 h5 40. f5 Be8 41. fxg6 Bxg6 42. Rxh5 Bxh5 43. Qxh5 Rbb8 44. Rh1 Rh8 45. Qg4+ Kf7 46. Qe6+ Kg7 47. Rf1 Rh7 48. Rf7+ Kh8 49. e5 Ra8 50. Rxh7+ Kxh7 51. Bd3+ Kh8 52. Qh6+ 1-0

[Event "EU-ch U16 Girls"]
[Site "Urgup"]
[Date "2004.07.??"]
[Round "8"]
[White "Congiu, Mathilde"]
[Black "Khudaya, Aliaksandra"]
[Result "1-0"]
[WhiteElo "2105"]
[BlackElo "1987"]
[PlyCount "66"]
[EventDate "2004.08.??"]
[EventType "swiss"]
[EventRounds "9"]
[EventCountry "TUR"]
[SourceTitle "EXT 2005"]
[Source "ChessBase"]
[SourceDate "2004.11.15"]
[SourceVersion "1"]
[SourceVersionDate "2004.11.15"]
[SourceQuality "1"]

1. e4 c5 2. Nf3 Nc6 3. Bb5 g6 4. 0-0 Bg7 5. c3 Nf6 6. Qa4 Qc7 7. d4 cxd4 8. cxd4 0-0 9. Nc3 d6 10. Bg5 e6 11. d5 Ne7 12. Rfd1 e5 13. Nxe5 h6 14. Bxf6 Bxf6 15. Nf3 Bg4 16. Rac1 Bxf3 17. gxf3 a6 18. Bf1 Bg5 19. Rc2 Qd8 20. Bh3 b5 21. Qd4 f5 22. Ne2 fxe4 23. fxe4 Rf3 24. Bg2 Rf6 25. e5 dxe5 26. Qxe5 Rc8 27. Rxc8 Nxc8 28. Nd4 Bf4 29. Qe2 Qc7 30. Qe8+ Kh7 31. Ne6 Qa7 32. Qxc8 Be5 33. Nf8+ Kg7 1-0

[Event "EU-ch U16 Girls"]
[Site "Urgup"]
[Date "2004.07.??"]
[Round "3"]
[White "Khudaya, Aliaksandra"]
[Black "Klimets, Elena"]
[Result "0-1"]
[WhiteElo "1987"]
[BlackElo "2135"]
[PlyCount "103"]
[EventDate "2004.08.??"]
[EventType "swiss"]
[EventRounds "9"]
[EventCountry "TUR"]
[SourceTitle "EXT 2005"]
[Source "ChessBase"]
[SourceDate "2004.11.15"]
[SourceVersion "1"]
[SourceVersionDate "2004.11.15"]
[SourceQuality "1"]

1. d4 d5 2. Nf3 Nf6 3. c4 c6 4. Qc2 g6 5. Bf4 Bg7 6. g3 Bf5 7. Qb3 Qb6 8. c5 Qxb3 9. axb3 Na6 10. Nc3 Nh5 11. Be3 Nb4 12. Ra4 Nc2+ 13. Kd2 Nxe3 14. fxe3 Nf6 15. Bg2 Ne4+ 16. Nxe4 Bxe4 17. Rha1 a6 18. Rb4 Bxf3 19. exf3 0-0-0 20. f4 Kc7 21. Bf1 h5 22. h4 e6 23. Rb6 Ra8 24. Rb4 Bf6 25. Be2 Be7 26. Rba4 f6 27. Rh1 e5 28. fxe5 fxe5 29. dxe5 Bxc5 30. Rf4 Rae8 31. Rc1 Kb6 32. b4 Bf8 33. Rf6 Bxb4+ 34. Kd3 Rxe5 35. Rxg6 Rhe8 36. Kc2 Bc5 37. Rf1 R8e7 38. g4 Rxe3 39. Bd1 Rh3 40. gxh5 Rh2+ 41. Kb1 Bd4 42. b3 Re4 43. Rg4 Rxg4 44. Bxg4 Rb2+ 45. Kc1 Rxb3 46. Bf3 a5 47. h6 a4 48. Bd1 Be3+ 49. Kc2 Bxh6 50. h5 d4 51. Be2 Rc3+ 52. Kb1 0-1